Utilización del oxihidrógeno como ditivo para incrementar el desempeño de un motor de combustión interna
Na minha lista:
| Autor principal: | |
|---|---|
| Formato: | Livro |
| Idioma: | Spanish |
| Publicado em: |
San José, Costa Rica
2016
|
| Assuntos: | |
| Tags: |
Adicionar Tag
Sem tags, seja o primeiro a adicionar uma tag!
|
MARC
| LEADER | 00000nam a22000007a 4500 | ||
|---|---|---|---|
| 003 | 012519 | ||
| 005 | 20221231144138.0 | ||
| 008 | 170120b2016 cr a|||| m||| 00| ||spa d | ||
| 040 | |c cru CEDI | ||
| 090 | |a TFG 7670 | ||
| 100 | |9 6461 |a Sánchez Jalet, Juan Carlos | ||
| 245 | |a Utilización del oxihidrógeno como ditivo para incrementar el desempeño de un motor de combustión interna | ||
| 260 | |a San José, Costa Rica |c 2016 | ||
| 300 | |a xii,85 hojas; ilustraciones a color | ||
| 500 | |a Tesis (licenciatura en ingeniería agrícola)--Universidad de Costa Rica. Facultad de Ingeniería. Escuela de Ingeniería Agrícola | ||
| 650 | |x MOTORES DE COMBUSTION INTERNA |9 6462 | ||
| 942 | |c TFG | ||
| 999 | |c 17545 |d 17545 | ||
